Politická ekonomie investičních pobídek

Politicko-ekonomické súvislosti hospodárskej politiky poskytovania investičných ponúk a vytvárania záujmov jednotlivých strán v tomto procese. Historický rámec a súčasná podoba hospodárskej politiky voči priamym investorom vo svete a vo vybraných ekonomikách. Stret záujmov medzi vládami hostiteľský...

ver descrição completa

Na minha lista:
Detalhes bibliográficos
Autor principal: Plojhar, Miroslav
Outros Autores: Srholec, Martin
Formato: Capítulo de Livro
Idioma:tcheco
Assuntos:
Tags: Adicionar Tag
Sem tags, seja o primeiro a adicionar uma tag!

MARC

LEADER 00000naa$a2200000$$$4500
001 0017765
005 20231019125448.6
041 0 |a cze 
044 |a CZ 
245 1 0 |a Politická ekonomie investičních pobídek  |c aut. Miroslav Plojhar, Martin Srholec 
520 |a Politicko-ekonomické súvislosti hospodárskej politiky poskytovania investičných ponúk a vytvárania záujmov jednotlivých strán v tomto procese. Historický rámec a súčasná podoba hospodárskej politiky voči priamym investorom vo svete a vo vybraných ekonomikách. Stret záujmov medzi vládami hostiteľských ekonomík a nadnárodnými firmami. Národný rozmer investičných ponúk. Vyjednávanie o rozsahu a štruktúre investičných ponúk. 
610 2 0 |a investície priame zahraničné 
610 2 0 |a záujmy ekonomické 
610 2 0 |a hospodárstvo národné 
610 2 0 |a ponuka 
610 2 0 |a rozmiestenie investícií 
610 2 0 |a politika hospodárska 
610 2 0 |a politika investičná 
610 2 0 |a politika hospodárska nadnárodná 
610 2 0 |a firmy 
610 2 0 |a dohody medzinárodné 
610 2 0 |a Európska únia 
610 2 0 |a trh 
100 1 |a Plojhar, Miroslav 
700 1 |a Srholec, Martin